000
00290nam a22001337a 4500
082
_a
211.6 BLA
100
_a
BLACKHAM, H. J
245
_a
Humanism
260
_a
Middlesex
_b
Pnguin Books
_c
1968
300
_a
ix, 234p
_b
18cm.
500
_a
Includes index
650
_a
Humanism
942
_c
BK
999
_c
12520
_d
12520